<?xml version="1.0" encoding="UTF-8"?>
<record
    xmlns:xsi="http://www.w3.org/2001/XMLSchema-instance"
    xsi:schemaLocation="http://www.loc.gov/MARC21/slim http://www.loc.gov/standards/marcxml/schema/MARC21slim.xsd"
    xmlns="http://www.loc.gov/MARC21/slim">

  <leader>01277cam a2200289 a 4500</leader>
  <controlfield tag="001">15503448</controlfield>
  <controlfield tag="005">20150512122541.0</controlfield>
  <controlfield tag="008">081029t2009    ne ado frb    100 0 eng d</controlfield>
  <datafield tag="020" ind1=" " ind2=" ">
    <subfield code="a">9781402094927</subfield>
  </datafield>
  <datafield tag="020" ind1=" " ind2=" ">
    <subfield code="a">9781402095320  (eISBN)</subfield>
  </datafield>
  <datafield tag="040" ind1=" " ind2=" ">
    <subfield code="a">UKM</subfield>
    <subfield code="b">eng</subfield>
    <subfield code="c">UKM</subfield>
    <subfield code="d">YDXCP</subfield>
    <subfield code="d">BWX</subfield>
    <subfield code="d">NLGGC</subfield>
    <subfield code="d">NDD</subfield>
    <subfield code="d">CDX</subfield>
    <subfield code="d">OHX</subfield>
    <subfield code="d">DLC</subfield>
    <subfield code="d">EG-ScBUE</subfield>
  </datafield>
  <datafield tag="082" ind1="0" ind2="4">
    <subfield code="a">621.382</subfield>
    <subfield code="b">TRE</subfield>
    <subfield code="2">22</subfield>
  </datafield>
  <datafield tag="111" ind1="2" ind2=" ">
    <subfield code="a">International conference on advances in communication technologies and engineering science </subfield>
    <subfield code="d">(March 19-21, 2008 :</subfield>
    <subfield code="c">Hong Kong, China)</subfield>
    <subfield code="9">37967</subfield>
  </datafield>
  <datafield tag="245" ind1="1" ind2="0">
    <subfield code="a">Trends in communication technologies and engineering science /</subfield>
    <subfield code="c">editors Sio-Iong Ao, Xu Huang, Ping-kong Alexander Wai.</subfield>
  </datafield>
  <datafield tag="260" ind1=" " ind2=" ">
    <subfield code="a">Dordrecht :</subfield>
    <subfield code="b">Springer,</subfield>
    <subfield code="c">c.2009.</subfield>
  </datafield>
  <datafield tag="300" ind1=" " ind2=" ">
    <subfield code="a">xv, 349 p. :</subfield>
    <subfield code="b">chart, tables, photographs ;</subfield>
    <subfield code="c">24  cm.</subfield>
  </datafield>
  <datafield tag="490" ind1="0" ind2=" ">
    <subfield code="a">Lecture notes in electrical engineering,</subfield>
    <subfield code="x">1876-1100 ;</subfield>
    <subfield code="v">33</subfield>
  </datafield>
  <datafield tag="504" ind1=" " ind2=" ">
    <subfield code="a">Includes bibliographical references.</subfield>
  </datafield>
  <datafield tag="650" ind1=" " ind2="7">
    <subfield code="a">Telecommunication systems</subfield>
    <subfield code="v">Congresses.</subfield>
    <subfield code="2">BUEsh</subfield>
    <subfield code="9">37968</subfield>
  </datafield>
  <datafield tag="650" ind1=" " ind2="7">
    <subfield code="a">Telecommunication</subfield>
    <subfield code="v">Congresses.</subfield>
    <subfield code="2">BUEsh</subfield>
    <subfield code="9">37969</subfield>
  </datafield>
  <datafield tag="653" ind1=" " ind2=" ">
    <subfield code="b">ENGGEN</subfield>
    <subfield code="c">May2015</subfield>
  </datafield>
  <datafield tag="655" ind1=" " ind2=" ">
    <subfield code="v">reading book</subfield>
    <subfield code="9">34232</subfield>
  </datafield>
  <datafield tag="700" ind1="1" ind2=" ">
    <subfield code="a">Ao, Sio-Iong,</subfield>
    <subfield code="e">editor.</subfield>
    <subfield code="9">37970</subfield>
  </datafield>
  <datafield tag="700" ind1="1" ind2=" ">
    <subfield code="a"> Huang, Xu</subfield>
    <subfield code="c">(Information scientist),</subfield>
    <subfield code="e">editor.</subfield>
    <subfield code="9">37971</subfield>
  </datafield>
  <datafield tag="700" ind1="1" ind2=" ">
    <subfield code="a">Wai, Ping-Kong Alexander</subfield>
    <subfield code="e">editor.</subfield>
    <subfield code="9">37972</subfield>
  </datafield>
  <datafield tag="942" ind1=" " ind2=" ">
    <subfield code="2">ddc</subfield>
    <subfield code="k">621.382 TRE</subfield>
  </datafield>
  <datafield tag="999" ind1=" " ind2=" ">
    <subfield code="c">19308</subfield>
    <subfield code="d">19280</subfield>
  </datafield>
  <datafield tag="952" ind1=" " ind2=" ">
    <subfield code="0">0</subfield>
    <subfield code="1">0</subfield>
    <subfield code="2">ddc</subfield>
    <subfield code="4">0</subfield>
    <subfield code="7">0</subfield>
    <subfield code="8">Alahram</subfield>
    <subfield code="a">MAIN</subfield>
    <subfield code="b">MAIN</subfield>
    <subfield code="c">1ST</subfield>
    <subfield code="d">2015-05-06</subfield>
    <subfield code="e">purchase</subfield>
    <subfield code="g">794.00</subfield>
    <subfield code="h">329</subfield>
    <subfield code="l">0</subfield>
    <subfield code="o">621.382 TRE</subfield>
    <subfield code="p">000038175</subfield>
    <subfield code="r">2025-07-15 00:00:00</subfield>
    <subfield code="v">992.50</subfield>
    <subfield code="y">BB</subfield>
  </datafield>
</record>
